000 00469cam a22001931 04500
001 44684
090 _a44684
100 _a19950604d1975 m y0pory5003 ba
101 1 _apor
102 _aPT
200 1 _aA colegial
_fCorin Tellado
_gtrad. L. Costa
210 9 _aLisboa
_cPortugal Press,
_d1975
215 _a159, [1] p.
_d18 cm
225 2 _aCalypso
_v7
675 _a821.134.2-31
700 1 _aTellado,
_bCorin,
702 1 _aCosta,
_bL.
_4730
801 0 _aPT
_bBN
_gRPC
990 _cLIVROS